000 00514nam a2200169Ia 4500
003 LDD
008 190117s9999 xx 000 0 und d
020 _c₹150
040 _cLDD
041 _ahi
082 _a8b3.7 व4916आ
100 _aवद्योपाध्याय, विभूतिभूषण
245 0 _aअरण्यक
_cविभूतिभूषण वद्योपाध्याय
260 _aदिल्ली
_bजनवाणी
_c1995
300 _a208
942 _2ddc
_cH
999 _c169254
_d169254